Meditations (Record no. 2175)

MARC details
000 -LEADER
fixed length control field 00632 a2200193 4500
010 ## - LIBRARY OF CONGRESS CONTROL NUMBER
LC control number ENG-85401
020 ## - INTERNATIONAL STANDARD BOOK NUMBER
Terms of availability 50.00
International Standard Book Number 8185378002
035 ## - SYSTEM CONTROL NUMBER
System control number EN-68934
037 ## - SOURCE OF ACQUISITION
Source of stock number/acquisition D.B.Act / Pub
082 14 - DEWEY DECIMAL CLASSIFICATION NUMBER
Classification number 230.42
090 ## - LOCALLY ASSIGNED LC-TYPE CALL NUMBER (OCLC); LOCAL CALL NUMBER (OCLC)
-- 2215
-- 2215
100 1# - MAIN ENTRY--PERSONAL NAME
Personal name Natarajan, A. R.
245 1# - TITLE STATEMENT
Title Meditations
Statement of responsibility, etc by A. R. Natarajan
Remainder of title the Ramana way
260 ## - PUBLICATION, DISTRIBUTION, ETC. (IMPRINT)
Place of publication, distribution, etc Bangalore
Name of publisher, distributor, etc Ramana Maharshi Centre for Learning
Date of publication, distribution, etc 2004
270 ## - ADDRESS
Address Post office Road, Sanjay Nagar
City Bangalore
State or province Karnataka
Postal code 94
300 ## - PHYSICAL DESCRIPTION
Extent 107 p
Dimensions 22 cm (Pbk)
942 ## - ADDED ENTRY ELEMENTS (KOHA)
Institution code [OBSOLETE] dpl
Koha item type English Books
Call number prefix 230.42 / NAT
Holdings
Withdrawn status Lost status Source of classification or shelving scheme Damaged status Not for loan Collection code Home library Current library Source of acquisition Cost, normal purchase price Total Checkouts Full call number Barcode Date last seen Copy number Uniform Resource Identifier Cost, replacement price Price effective from Koha item type
    Dewey Decimal Classification   Not For Loan Non-fiction D.B.Act.Division D.B.Act.Division DBAD/PUB 50.00   230.42 NAT EN-68934 15/09/2008 1 2307 50.00 15/09/2008 English Books

© Delhi Public Library
Hit Counter
free hit counter